| 000 | 00436nam a22001697a 4500 | ||
|---|---|---|---|
| 003 | AR-RoIUNI | ||
| 005 | 20181214151339.0 | ||
| 008 | 181214b xxu||||| |||| 00| 0 spa d | ||
| 040 | _cIUNIR | ||
| 080 | _a378 MIL | ||
| 100 | 1 | _aMiller, George E. | |
| 245 | 1 | _aEnseƱanza y aprendizaje en escuelas medicas | |
| 260 |
_aBuenos Aires _bALFA _c1969 |
||
| 300 |
_a316 p. _c23 cm. |
||
| 650 | 1 | 0 |
_9489 _aEducación Superior |
| 942 |
_2cdu _cBK |
||
| 999 |
_c4201 _d4201 |
||